000 00264nam a2200109Ia 4500
008 200302s9999 xx 000 0 und d
100 _aMartin S. Valins
245 _aPrimary Health Care Centres
260 _bLongman Group UK Ltd.
260 _c1993
300 _a196 P.,
999 _c936
_d936